000 00492nam a2200169 i 4500
001 34583
003 ES-MaACL
005 20250820063024.0
007 t|
008 030207s1962 sp ||||1| spa d
100 1 _aBonilla, Luis,
_d1912-
_930180
245 1 0 _aHistoria de la hechicería y de las brujas /
_cLuis Bonilla.
260 _aMadrid :
_bBiblioteca Nueva,
_c1962.
300 _a301 p. :
_bil. ;
_c24 cm.
852 _aES-MaACL
_jC-21971
_bR.50257
999 _c34583
_d34583